00509nam a22001577a 4500020001800000082001800018100003700036245002900073260004200102300003100144526003700175650001300212942001200225999001900237952009500256 a0-309-02250-9 a625.8bNATcD aNational Research Council926742 aPavement System analysis aThe World BankbWashington D. Cc1973 avi, 188 p. :bill. :c6 Cm a0b0c0d625_800000000000000_NAT aMCE9379 2ddccBK c547614d547614 00102ddc4070aMCEbMCEd2014-07-23l0o625.8 NATpMCE-43396r2014-07-23w2014-07-23yBK